000 nam a22 7a 4500
999 _c9245
_d9245
008 180125b ||||| |||| 00| 0 eng d
100 _aNCERT
_95504
245 _aHoney Suckle -VI
260 _aNew Delhi
_bNCERT
_c2006